| 000 | 00700 a2200265 4500 | ||
|---|---|---|---|
| 999 |
_c16621 _d3340 |
||
| 001 | 16621 | ||
| 003 | TR-AnTOB | ||
| 005 | 20190408214204.0 | ||
| 008 | 041102s2004 tu tur | ||
| 020 | _a9751407265 | ||
| 040 |
_aTR-AnTOB _cTR-AnTOB |
||
| 041 | _atur | ||
| 050 |
_aPR5367 _b.E39 2004 |
||
| 090 | _aPR5367 .E39 2004 | ||
| 100 |
_aEczacıbaşı, Şakir, _d1929-2010 _933927 |
||
| 245 | 0 |
_aBernard Shaw : _bgülen düşünceler / _cŞakir Eczacıbaşı. |
|
| 250 | _a9. bs. | ||
| 264 | 1 |
_aİstanbul : _bRemzi Kitabevi, _c2004. |
|
| 300 |
_a430 p. : _bill. ; _c24 cm. |
||
| 500 | _aIncludes index. | ||
| 600 | 1 | 0 |
_aShaw, Bernard, _d1856-1950 _911736 |
| 902 | _a0010201 | ||
| 942 |
_cBK _2lcc |
||